000 00535nam a2200193Ia 4500
005 20250923145121.0
008 008 250917s9999 xx 000 0 eng d
037 _aTextual
040 _aDSWL
_beng
_cDSWL
041 _aeng
_2eng
084 _aYX,Z2-31:6-P, N59
_qDSWL
245 4 _aThe Selection of offenders for probality
_cby United Nations
260 _bUnited Nation
_c1959
300 _a60 p.
365 _aUSD
_b0.5
925 _g0.5
942 _cTEXL
_hYX,Z2-31:6-P, N59
999 _c1447318
_d1447318